| 000 | 00405pab a2200157 454500 | ||
|---|---|---|---|
| 008 | 180718b2005 xxu||||| |||| 00| 0 eng d | ||
| 100 | _aSahoo, B.B. | ||
| 245 | _aPrimary lending institutions and rural credit evolution, growth and challenges | ||
| 260 | _c2005 | ||
| 300 | _ap.36-44. | ||
| 362 | _aDec | ||
| 650 | _aCredit | ||
| 650 | _aAgricultural credit | ||
| 773 | _aKurukshetra | ||
| 909 | _a68008 | ||
| 999 |
_c68008 _d68008 |
||